[Event "Millionaire Chess TB 2014"]
[Site "Las Vegas USA"]
[Date "2014.10.12"]
[Round "1.1"]
[White "Azarov, Sergei"]
[Black "Naroditsky, Daniel"]
[Result "1/2-1/2"]
[WhiteTitle "GM"]
[BlackTitle "GM"]
[WhiteElo "2639"]
[BlackElo "2601"]
[WhiteFideId "13501470"]
[BlackFideId "2026961"]
[EventDate "2014.10.12"]

1. e4 e5 2. Nf3 Nc6 3. Bb5 a6 4. Ba4 Nf6 5. O-O Be7 6. Re1 b5 7. Bb3 d6 8. c3
O-O 9. h3 Na5 10. Bc2 c5 11. d4 Qc7 12. d5 Bd7 13. b3 Rab8 14. Nbd2 g6 15. Nf1
Nh5 16. Bh6 Ng7 17. g4 Nb7 18. Ng3 f6 19. Qd2 Nd8 20. Nh2 Nf7 21. Be3 a5 22. a3
Qc8 23. Kh1 Kh8 24. Rg1 Rg8 25. Raf1 Rb7 26. f4 exf4 27. Bxf4 b4 28. axb4 axb4
29. c4 Ra7 30. Nf3 Ra2 31. Qc1 Qa6 32. Bb1 Ra1 33. Qc2 Qc8 34. Bc1 Ra8 35. Bb2
Qd8 36. Qd2 Rf8 37. Rf2 Kg8 38. Rgf1 Ne5 39. Kh2 Rb8 40. Qe3 Qc8 41. Ne2 Ra8 42.
Neg1 Nf7 43. Ne2 Ne5 44. Neg1 Nf7 45. Ne1 Ne5 46. Nd3 Qd8 47. Nf3 Nf7 48. Rg2
Qc8 49. Rfg1 Ne5 50. Nh4 Qd8 51. Nf3 Qc8 52. Rf1 1/2-1/2

[Event "Millionaire Chess TB 2014"]
[Site "Las Vegas USA"]
[Date "2014.10.12"]
[Round "1.2"]
[White "Zhou, Jianchao"]
[Black "Yu, Yangyi"]
[Result "1/2-1/2"]
[WhiteTitle "GM"]
[BlackTitle "GM"]
[WhiteElo "2580"]
[BlackElo "2697"]
[WhiteFideId "8603537"]
[BlackFideId "8603820"]
[EventDate "2014.10.12"]

1. d4 Nf6 2. c4 e6 3. Nf3 d5 4. Nc3 Bb4 5. Bg5 h6 6. Bxf6 Qxf6 7. Qa4+ Nc6 8. e3
O-O 9. Be2 Bd7 10. Qb3 dxc4 11. Qxc4 Bd6 12. O-O Qg6 13. Rac1 Na5 14. Qd3 Qxd3
15. Bxd3 Nc6 16. Ne4 Nb4 17. Bb1 Bc6 18. a3 Nd5 19. Nfd2 Nb6 20. f4 Rad8 21. Nf3
Bxe4 22. Bxe4 c6 23. Kf2 Rd7 24. Rc2 Rc8 25. Rfc1 Rdc7 26. Ke2 Nd7 27. Nd2 c5
28. Nc4 Be7 29. dxc5 Nxc5 30. Nd2 f5 31. Bxb7 Rxb7 32. b4 Rbc7 33. bxc5 Rxc5 34.
Rxc5 Rxc5 35. Rxc5 Bxc5 36. a4 1/2-1/2

[Event "Millionaire Chess TB 2014"]
[Site "Las Vegas USA"]
[Date "2014.10.12"]
[Round "2.1"]
[White "Naroditsky, Daniel"]
[Black "Yu, Yangyi"]
[Result "1/2-1/2"]
[WhiteTitle "GM"]
[BlackTitle "GM"]
[WhiteElo "2601"]
[BlackElo "2697"]
[WhiteFideId "2026961"]
[BlackFideId "8603820"]
[EventDate "2014.10.12"]

1. e4 c5 2. Nf3 e6 3. d3 Nc6 4. g3 d5 5. Nbd2 g6 6. Bg2 Bg7 7. O-O Nge7 8. Re1
O-O 9. Nf1 dxe4 10. dxe4 Qxd1 11. Rxd1 Nd4 12. c3 Ne2+ 13. Kh1 Nxc1 14. Raxc1 b6
15. Ne3 Ba6 16. Rd7 Nc6 17. Bf1 Bc8 18. Rd2 Bb7 19. Bg2 Bh6 20. Re1 Rfd8 21.
Red1 Bxe3 22. fxe3 Rxd2 23. Rxd2 Rd8 24. Rxd8+ Nxd8 25. Nd2 Kf8 26. Kg1 f6 27.
e5 fxe5 28. Bxb7 Nxb7 29. Ne4 Ke7 30. Kf2 Na5 31. b3 Nb7 32. Ke2 Nd6 33. Nxd6
Kxd6 34. e4 Kc6 35. Kd3 Kb5 36. Kc2 Kc6 37. Kd3 Kb5 1/2-1/2

[Event "Millionaire Chess TB 2014"]
[Site "Las Vegas USA"]
[Date "2014.10.12"]
[Round "2.2"]
[White "Azarov, Sergei"]
[Black "Zhou, Jianchao"]
[Result "0-1"]
[WhiteTitle "GM"]
[BlackTitle "GM"]
[WhiteElo "2639"]
[BlackElo "2580"]
[WhiteFideId "13501470"]
[BlackFideId "8603537"]
[EventDate "2014.10.12"]

1. e4 c5 2. Nf3 d6 3. d4 cxd4 4. Nxd4 Nf6 5. Nc3 a6 6. Be2 e6 7. O-O Be7 8. f4
O-O 9. Kh1 Qc7 10. a4 b6 11. Bf3 Bb7 12. g4 Nc6 13. Nde2 d5 14. e5 Ne4 15. Bg2
Bc5 16. Nxe4 dxe4 17. c3 Rfd8 18. Qc2 Na5 19. Ng3 e3 20. Ne4 Nc4 21. Re1 Rac8
22. b4 Be7 23. Bxe3 Nxe3 24. Rxe3 Bxb4 25. Rf1 Be7 26. f5 Qc4 27. f6 Bc5 28.
Ree1 g6 29. Nxc5 Bxg2+ 30. Qxg2 Qxc5 31. Qf3 Qxc3 32. Qxc3 Rxc3 33. Rd1 Rb8 34.
Rd6 b5 35. Rxa6 bxa4 36. Rxa4 Rc5 37. Re1 g5 38. Ra2 h6 39. Rd2 Kh7 40. Rde2 Kg6
41. Kg2 Rb3 42. Rd1 Rbb5 43. Rde1 Rb3 44. Rd1 Rbb5 45. Rde1 Rc4 46. h3 Rc3 47.
Rd1 Rcc5 48. Rde1 Rd5 49. Rc1 Rxe5 50. Rxe5 Rxe5 0-1

[Event "Millionaire Chess TB 2014"]
[Site "Las Vegas USA"]
[Date "2014.10.12"]
[Round "3.1"]
[White "Zhou, Jianchao"]
[Black "Naroditsky, Daniel"]
[Result "1-0"]
[WhiteTitle "GM"]
[BlackTitle "GM"]
[WhiteElo "2580"]
[BlackElo "2601"]
[WhiteFideId "8603537"]
[BlackFideId "2026961"]
[EventDate "2014.10.12"]

1. d4 Nf6 2. c4 e6 3. Nc3 Bb4 4. Qc2 O-O 5. a3 Bxc3+ 6. Qxc3 d6 7. Nf3 b6 8. e3
Nbd7 9. Be2 c5 10. b4 Ba6 11. dxc5 bxc5 12. Bb2 Nb6 13. b5 Na4 14. Qc2 Nxb2 15.
Qxb2 Bb7 16. O-O d5 17. a4 dxc4 18. Rfd1 Qc7 19. Nd2 Rfd8 20. Nxc4 Nd5 21. Qe5
Qxe5 22. Nxe5 f6 23. Nc6 Bxc6 24. bxc6 Rac8 25. Rac1 Rd6 26. Bb5 a6 27. e4 axb5
28. axb5 Nc3 29. Rxd6 Nxb5 30. Rd7 Rxc6 31. Rb1 Rd6 32. Rxd6 Nxd6 33. f3 Kf7 34.
Kf2 Ke7 35. Ra1 Nc8 36. Ra6 Kd7 37. Ke3 Ke7 38. Rc6 Kd7 39. Rxc5 Nd6 40. Kd3 Nf7
41. Ra5 Ne5+ 42. Kc3 Nc6 43. Ra8 Ne7 44. Rh8 Kd6 45. Rxh7 g5 46. Rf7 f5 47. Rg7
g4 48. e5+ Kd5 1-0

[Event "Millionaire Chess TB 2014"]
[Site "Las Vegas USA"]
[Date "2014.10.12"]
[Round "3.2"]
[White "Yu, Yangyi"]
[Black "Azarov, Sergei"]
[Result "1-0"]
[WhiteTitle "GM"]
[BlackTitle "GM"]
[WhiteElo "2697"]
[BlackElo "2639"]
[WhiteFideId "8603820"]
[BlackFideId "13501470"]
[EventDate "2014.10.12"]

1. e4 e5 2. Nf3 Nc6 3. Bb5 a6 4. Ba4 Nf6 5. d3 d6 6. c4 Be7 7. h3 O-O 8. Be3 Nd7
9. Nc3 Nb6 10. Bb3 Kh8 11. O-O f5 12. exf5 Bxf5 13. d4 Na5 14. Qe2 Nxb3 15. axb3
e4 16. Nd2 d5 17. c5 Nc8 18. f3 exf3 19. Rxf3 Na7 20. Raf1 Bg6 21. Rxf8+ Bxf8
22. Qf3 c6 23. Bf4 Nb5 24. Be5 Kg8 25. Qg3 Qd7 26. Nf3 Re8 27. Nh4 Nxc3 28. bxc3
Be4 29. b4 Re7 30. Bd6 Rf7 31. Rxf7 Qxf7 32. Bxf8 Qxf8 33. Qc7 g5 34. Nf3 Bxf3
35. gxf3 Qxf3 36. Qc8+ Qf8 37. Qxb7 Qe8 38. Qxa6 Qe3+ 39. Kg2 Qe4+ 40. Kf2 Qf4+
41. Ke2 Qh2+ 42. Kd1 Qxh3 43. Qa8+ Kg7 44. Qb7+ Kg8 45. Qb8+ Kf7 46. Qc7+ Kf8
47. Kc2 Qf5+ 48. Kb2 Qf2+ 49. Kb3 Qd2 50. Qxc6 Qd1+ 51. Kb2 Qd2+ 52. Ka3 Qxc3+
53. Ka4 Qa1+ 54. Kb5 Qxd4 55. Qh6+ Ke8 56. Qe6+ Kf8 57. Qd6+ Ke8 58. c6 Qc4+ 59.
Kb6 1-0